书目信息 |
| 题名: |
电影人之眼
|
|
| 作者: | 默卡多 著 ;黄裕成 译 | |
| 分册: | ||
| 出版信息: | 北京 人民邮电出版社 2016.04 |
|
| 页数: | 180页 | |
| 开本: | 23cm | |
| 丛书名: | ||
| 单 册: | ||
| 中图分类: | J931 | |
| 科图分类: | ||
| 主题词: | 电影摄影技巧--研究 | |
| 电子资源: | ||
| ISBN: | 978-7-115-41827-2 | |
| 000 | 01355nam0 2200301 450 | |
| 001 | 454 | |
| 005 | 20180927144929.79 | |
| 010 | @a978-7-115-41827-2@dCNY69.00 | |
| 100 | @a20160421d2016 em y0chiy50 ea | |
| 101 | 1 | @achi@ceng |
| 102 | @aCN@b110000 | |
| 105 | @aa z 000yy | |
| 200 | 1 | @a电影人之眼@9dian ying ren zhi yan@b专著@e活用电影构图@dThe filmmaker's eye@elearning (and breaking) the rules of cinematic composition@e经典镜头插图版@f(美)Gustavo Mercado著@g黄裕成译@zeng |
| 205 | @a2版 | |
| 210 | @a北京@c人民邮电出版社@d2016.04 | |
| 215 | @a180页@d23cm | |
| 300 | @a写给未来的电影人 | |
| 305 | @a由Taylor & Francis出版集团旗下Focal出版公司授权出版 | |
| 306 | @a本书限中国大陆发行 | |
| 330 | @a本书介绍了电影基本镜头的构图原理,通过阐述如何用画面来讲故事,如何通过画面与观众进行交流,帮助大家去驾驭电影这一艺术形式。由此,读者朋友对每个镜头在电影更大的叙事方案中所扮演的角色将有更深入的解读,同时了解如何从技术层面为拍摄强有力的、令人印象深刻的画面做好准备。 | |
| 510 | 1 | @aFilmmaker's eye@elearning (and breaking) the rules of cinematic composition@zeng |
| 517 | 1 | @a活用电影构图@9huo yong dian ying gou tu |
| 606 | 0 | @a电影摄影技巧@x研究 |
| 690 | @aJ931@v5 | |
| 701 | 1 | @c(美)@a默卡多@9mo ka duo@g(Mercado, Gustavo)@4著 |
| 702 | 0 | @a黄裕成@9huang yu cheng@4译 |
| 801 | 0 | @aCN@b91MARC@c20160613 |
| 905 | @aMuseLib@dJ931@e352=2 | |
| 电影人之眼:活用电影构图=The filmmaker's eye:learning (and breaking) the rules of cinematic composition:经典镜头插图版/(美)Gustavo Mercado著/黄裕成译.-2版.-北京:人民邮电出版社,2016.04 |
| 180页;23cm |
| 写给未来的电影人 |
| ISBN 978-7-115-41827-2:CNY69.00 |
| 本书介绍了电影基本镜头的构图原理,通过阐述如何用画面来讲故事,如何通过画面与观众进行交流,帮助大家去驾驭电影这一艺术形式。由此,读者朋友对每个镜头在电影更大的叙事方案中所扮演的角色将有更深入的解读,同时了解如何从技术层面为拍摄强有力的、令人印象深刻的画面做好准备。 |
| ● |
| 相关链接 |
|
|
|
|
正题名:电影人之眼
索取号:J931/352=2
 
预约/预借
| 序号 | 登录号 | 条形码 | 馆藏地/架位号 | 状态 | 备注 |
| 1 | 1119959 | 211199594 | 第一样本阅览室/ [索取号:J931/352=2] | 在馆 | |
| 2 | 1119960 | 211199601 | 第一借阅区/ [索取号:J931/352=2] | 在馆 | |
| 3 | 1119961 | 211199610 | 第一借阅区/ [索取号:J931/352=2] | 在馆 | |
| 4 | 1119962 | 211199629 | 第一借阅区/ [索取号:J931/352=2] | 在馆 | |
| 5 | 1119963 | 211199638 | 第一借阅区/ [索取号:J931/352=2] | 在馆 |